Les Buts "Marquants" en Coupe du Monde de Football - Statistiques

Statistiques générales
  • Ce quiz a été pris 527 fois
    259 depuis la dernière actualisation
  • Le résultat moyen est 13 sur 18
Statistiques - réponses
Réponse % Correct
France
100%
Argentine
94%
Croatie
93%
Pologne
93%
Pays-Bas
92%
Italie
91%
RFA
91%
Mexique
81%
Angleterre
79%
Corée du Nord
74%
Yougoslavie
74%
Suède
72%
Tunisie
61%
URSS
57%
Portugal
56%
Ecosse
52%
Etats-Unis
48%
Brésil
43%
Aucun quiz correspondant
Distribution des résultats
% des personnes avec chaque résultat
Percentile par nombre de réponses
Votre historique - résultats
Vous n’avez pas pris ce quiz depuis la dernière actualisation